00913nabaa22001817a 4500003000400000005001700004008004100021040000700062100002400069245010600093300001300199505024700212505008900459650002700548650002700575650001500602773011400617OSt20260122215413.0190701b xxu||||| |||| 00| 0 spa d cPJ aMuratorio, Jorge I.13aEl interés público en la garantía de la ecuación contractual pública /cJorge I. Muratorio. ap. 20-41 aSumario: I. Introducción.— II. ¿Qué matices o novedades se han planteado, en las últimas dos décadas aproximadamente, sobre estos conceptos?— III. ¿Cuáles son las posturas que existen sobre el tema?—IV. Conclusiones y dudas. t¿Te interesa el texto completo? Comunicate al correo: koha@justierradelfuego.gov.ar 0aDERECHO ADMINISTRATIVO 0aADMINISTRACION PUBLICA 0aCONTRATOS 0 02842dBuenos Aires : AbeledoPerrot, 2012-oDA121tDerecho administrativo. Nº 148 julio/agosto 2023z18510590